00784nas a2200229 450000500170000000800410001702200130005808200410007110000280011210000380014010000420017824501130022026000150033326000320034826000090038030000200038944000270040965000120043665000150044865000260046377300650048920180807105926.0180807b xxu||||| |||| 00| 0 spa d a16593359 aTEC Empresarial Vol. 12, N° 1, 2018 aRocca Espinoza, Eduardo aGarcía Peréz de Lema, Domingo aDuréndez Goméz Guillén, Antonio aFactores determinantes para la concesión de crédito por parte de las entidades financieras a las Mipymes aCosta Rica bTecnológico de Costa Rica c2018 a19-30 páginas aTEC Empresarialn1v12 aMIPYMES aCRÉDITOS aENTIDADES FINANCIERAS0 08043abdCosta RicaoTE18112tTEC Empresarialwx16592395z